Bird Did Not Sing Yet Again/ (Record no. 167435)

MARC details
000 -LEADER
fixed length control field 00650nam a22002057a 4500
005 - DATE AND TIME OF LATEST TRANSACTION
control field 20250808142110.0
010 ## - LCCN (DPL NO)
LC control number ENG-126398 ENG-146431
020 ## - INTERNATIONAL STANDARD BOOK NUMBER
Terms of availability 395.00
International Standard Book Number 978-81-908096-8-9
035 ## - SYSTEM CONTROL NUMBER
System control number EN-109930
035 ## - SYSTEM CONTROL NUMBER
System control number EN-129963
037 ## - SOURCE OF ACQUISITION
Source of stock number/acquisition DBAD/PUB
082 ## - DEWEY DECIMAL CLASSIFICATION NUMBER
Classification number S
100 ## - MAIN ENTRY--PERSONAL NAME
Personal name Mehta, Alok
245 ## - TITLE STATEMENT
Title Bird Did Not Sing Yet Again/
Statement of responsibility, etc by Alok Mehta
260 ## - PUBLICATION, DISTRIBUTION, ETC. (IMPRINT)
Name of publisher, distributor, etc Samayik Books
Place of publication, distribution, etc New Delhi
270 ## - ADDRESS
City New Delhi
Address 3320-21 Jatwara,Daryaganj, N.S.Marg,
Postal code 110002
Telephone number 011-23282733, 23270715
-- 07065507086,09868934715
Electronic mail address samayikprakashan@gmail.com
300 ## - PHYSICAL DESCRIPTION
Extent 128p.
Dimensions 21cm(hb)
650 ## - SUBJECT ADDED ENTRY--TOPICAL TERM
Topical term or geographic name as entry element ENGLISH NOVEL
942 ## - ADDED ENTRY ELEMENTS (KOHA)
Source of classification or shelving scheme Dewey Decimal Classification
Item type English Books
Classification part S
Call number suffix MEH
Holdings
Withdrawn status Lost status Not for loan Collection code Home library Current library Date acquired Source of acquisition Cost, normal purchase price Full call number Barcode Copy number Cost, replacement price Koha item type
      Fiction Andrews Gunj Andrews Gunj 02/09/2019 DBAD/PUB 395.00 S MEH EN-109930 1 395.00 English Books
      Fiction Mobile Library Mobile Library 08/08/2025 Delivery of Books Act Division 395.00 S MEH EN-129963 1 395.00 English Books

© Delhi Public Library
Hit Counter
free hit counter